| 000 | 01111nmm a2200337 a 4500 | ||
|---|---|---|---|
| 001 | ocm0001299399 | ||
| 003 | TR-IsHL | ||
| 005 | 20201028161858.0 | ||
| 008 | 160715s2016 tu tur | ||
| 007 | cr cn | ||
| 020 | _a9786055541064 | ||
| 035 |
_a1299399 _b(N$T) |
||
| 050 | 0 | 4 |
_aHN656.5.Z9 _bS67 2016 |
| 090 | 0 | 4 |
_aHN656.5.Z9 _bS67 2016 |
| 100 | 1 | _aSavran, Sungur | |
| 245 | 1 | 0 |
_aTürkiye'de sınıf mücadeleleri _h[electronic resource] / _cSungur Savran |
| 250 | _a4. basım | ||
| 260 |
_aİstanbul : _bYordam Kitap, _c2016 |
||
| 300 | _a273 p. | ||
| 500 |
_aKaynakça var. _x |
||
| 650 | 4 | _aEkonomi ve Finans | |
| 650 | 4 | _aEconomics and Finance | |
| 650 | 0 |
_aSosyal sınıflar _xTürkiye |
|
| 650 | 0 |
_aSocial classes _xTurkey |
|
| 650 | 0 |
_aSosyal çatışma _xTürkiye |
|
| 650 | 0 |
_aSocial conflict _xTurkey |
|
| 650 | 0 |
_aTürkiye _xSiyaset ve yönetim _x20. yüzyıl |
|
| 650 | 0 |
_aTurkey _xPolitics and government _x20th century |
|
| 650 | 7 |
_aSOCIAL SCIENCE / General _2bisacsh |
|
| 856 | 4 | 0 | _uhttp://search.ebscohost.com/login.aspx?direct=true&scope=site&db=e011xww&AN=1299399 |
| 999 |
_c14397 _d14397 |
||